Entry Personal Name
Number of records used in: 3
001 - CONTROL NUMBER
003 - CONTROL NUMBER IDENTIFIER
005 - DATE AND TIME OF LATEST TRANSACTION
- control field:
20200220155048.0
008 - FIXED-LENGTH DATA ELEMENTS
- fixed length control field:
800512n| acannaabn |b aaa
010 ## - LIBRARY OF CONGRESS CONTROL NUMBER
- LC control number:
n 80043549
035 ## - SYSTEM CONTROL NUMBER
- System control number:
(OCoLC)oca00425573
040 ## - CATALOGING SOURCE
- Original cataloging agency:
DLC
- Language of cataloging:
eng
- Transcribing agency:
DLC
- Modifying agency:
OCoLC
- Modifying agency:
IEN
046 ## - SPECIAL CODED DATES
053 #0 - LC CLASSIFICATION NUMBER
- Classification number element--single number or beginning number of span:
PQ2672.A595
100 1# - HEADING--PERSONAL NAME
- Personal name:
Lapierre, Dominique
400 1# - SEE FROM TRACING--PERSONAL NAME
- Personal name:
לאפייר, דומיניק
670 ## - SOURCE DATA FOUND
- Source citation:
Author's Un dollar les mille kilomètres, c1950.
670 ## - SOURCE DATA FOUND
- Source citation:
Info. converted from 678, 2012-10-02
- Information found:
(b. 1931)